• 首页
  • 本馆介绍
  • 公告通知
  • 最新文献
  • 馆藏检索
  • 电子资源
  • 读者导购
  • 参考咨询
  • 我的图书馆
  • 登录
  • 详细信息显示
  • 放入我的书架
  • 预约/预借图书
  • 作者相关作品
  • 分类相关作品
  • 丛书相关作品
  • 出版社相关作品

书目信息

  • 表格格式
  • 工作单格式
  • 卡片格式
题名:
基础化学工程
    
 
作者: ;《基础化学工程》编写组 编
分册: 上册  
出版信息: 上海   上海科学技术出版社  1978
页数: 360页
开本: 26cm
丛书名:
单 册:
中图分类: TQ02
科图分类:
主题词:
电子资源:
ISBN:
000 00556nam0 2200169 45
001 0181013491
005 20060719153055.79
010    @dCNY1.65
100    @a20810111d1978 km y0chiy0120 ea
101 0  @achi
200 1  @a基础化学工程@Aji chu hua xue gong cheng@h上册@f《基础化学工程》编写组编@F《ji chu hua xue gong cheng》bian xie zu bian
210    @a上海@c上海科学技术出版社@d1978
215    @a360页@d26cm
690    @aTQ02@v4
711  0 @a《基础化学工程》编写组@A《ji chu hua xue gong cheng》bian xie zu@4编
801    @aCN@bTSTC@c20060719
905    @dTQ02@e1:1
    
    基础化学工程.上册/《基础化学工程》编写组编.-上海:上海科学技术出版社,1978
    360页;26cm
    
    
    ISBN :CNY1.65
    
●
相关链接 在E读中查询图书 在五车中查询图书 在当当中查询图书 在豆瓣中查询图书


正题名:基础化学工程     索取号:TQ02/1:1         预约/预借

序号 登录号 条形码 馆藏地/架位号 状态 备注
1 0432352   204323525   密集书库/ [索取号:TQ02/1:1] 在馆    
唐山师范学院图书馆 欢迎您!
大连网信软件有限公司© 版权所有